000 00366cam a22001217a 4500
008 180718b1976 xxu||||| |||| 00| 0 eng d
082 _aB3084 P166
100 _aPai Panandikar, V.A.
245 _aGovernmental systems and development
_cby V.A. Pai Panandikar
260 _aBombay
_bPopular
_c1976
300 _a124p.
650 _aIndia --Politics and government --1947.
999 _c351708
_d351708